Forestry management with participation from local people in angpraleng area, odong district, kampong speu province (ការគ្រប់គ្រងព្រៃឈើដោយមានការចូលរួមនៅតំបន់អង្គព្រលឺងស្រុកឧត្តុង្គខេត្តកំពង់ស្ពឺ) (Record no. 3195)
[ view plain ]
| 000 -LEADER | |
|---|---|
| fixed length control field | 00712nam a22001577a 4500 |
| 003 - CONTROL NUMBER IDENTIFIER | |
| control field | OSt |
| 005 - DATE AND TIME OF LATEST TRANSACTION | |
| control field | 20151106084705.0 |
| 008 - FIXED-LENGTH DATA ELEMENTS--GENERAL INFORMATION | |
| fixed length control field | 151106b xxu||||| |||| 00| 0 eng d |
| 040 ## - CATALOGING SOURCE | |
| Transcribing agency | RUA |
| 082 ## - DEWEY DECIMAL CLASSIFICATION NUMBER | |
| Classification number | FOR CHH 2002 B128 Or.1 |
| 100 ## - MAIN ENTRY--PERSONAL NAME | |
| 9 (RLIN) | 3425 |
| Personal name | CHHIN, CHHUNHOIR. |
| 245 ## - TITLE STATEMENT | |
| Title | Forestry management with participation from local people in angpraleng area, odong district, kampong speu province (ការគ្រប់គ្រងព្រៃឈើដោយមានការចូលរួមនៅតំបន់អង្គព្រលឺងស្រុកឧត្តុង្គខេត្តកំពង់ស្ពឺ) |
| 260 ## - PUBLICATION, DISTRIBUTION, ETC. (IMPRINT) | |
| Place of publication, distribution, etc. | Phnom Penh |
| Name of publisher, distributor, etc. | RUA |
| Date of publication, distribution, etc. | 2002 |
| 300 ## - PHYSICAL DESCRIPTION | |
| Extent | 70p. |
| Other physical details | ill. |
| Dimensions | 29cm. |
| 942 ## - ADDED ENTRY ELEMENTS (KOHA) | |
| Source of classification or shelving scheme | |
| Koha item type | FOR |
| Price effective from | Date last seen | Permanent Location | Not for loan | Date acquired | Source of classification or shelving scheme | Koha item type | Barcode | Lost status | Damaged status | Shelving location | Withdrawn status | Current Location | Full call number |
|---|---|---|---|---|---|---|---|---|---|---|---|---|---|
| 2015-11-06 | 2015-11-06 | Library Block B | 2015-11-06 | FOR | RUA028114 | B128 | Library Block B | FOR CHH 2002 B128 Or.1 | |||||
| 2015-11-06 | 2015-11-06 | Library Block B | 2015-11-06 | FOR | RUA028042 | B128 | Library Block B | FOR CHH 2002 B128 Or.2 | |||||
| 2015-11-06 | 2015-11-06 | Library Block B | 2015-11-06 | FOR | RUA028323 | B128 | Library Block B | FOR CHH 2002 B128 Or.3 | |||||
| 2015-11-06 | 2015-11-06 | Library Block B | 2015-11-06 | FOR | RUA028103 | B128 | Library Block B | FOR CHH 2002 B128 Or.4 | |||||
| 2015-11-06 | 2015-11-06 | Library Block B | 2015-11-06 | FOR | RUA028110 | B128 | Library Block B | FOR CHH 2002 B128 Or.5 | |||||
| 2015-11-06 | 2015-11-06 | Library Block B | 2015-11-06 | FOR | RUA028588 | B128 | Library Block B | FOR CHH 2002 B128 Or.6 | |||||
| 2015-11-06 | 2015-11-06 | Library Block B | 2015-11-06 | FOR | RUA028463 | B128 | Library Block B | FOR CHH 2002 B128 Or.7 |